000
00229nmm a2200085Ia 4500
008
150209s2015||||xx |||||||||||||||||und||
100
_a
SHARMA, R.K
245
_a
PRACTICAL AND VIVA IN FORENSIC MEDICINE AND TOXICOLOGY
942
_2
ddc
_c
CD
999
_c
5980
_d
5980